Statistics for Bleach Characters

Click here to take the quiz!

General Stats

  • This quiz has been taken 57 times
  • The average score is 32 of 86

Answer Stats

HintAnswer% Correct
Main Character
Substitute Soul Reaper
Kurosaki Ichigo
100%
Quincy
Sternritter A: Antithesis
Ishida Uryu
88%
HumanInoue Orihime
86%
Former Captain-Commander of the Gotei 13
Former Captain of the 1st Division
Yamamoto Genryusai Shigekuni
79%
Captain of the 13th Division
Former Lieutenant of the 13th Division
Kuchiki Rukia
77%
Captain of the 10th Division
Former 3rd Seat of the 10th Division
Hitsugaya Toshiro
74%
Captain-Commander of the Gotei 13
Former Captain of the 8th Division
Kyoraku Shunsui
74%
Former Captain of the 2nd Division
Former General Commander of the Onmitsukido
Shihoin Yoruichi
72%
Lieutenant of the 6th Division
Former 6th Seat of the 11th Division
Abarai Renji
70%
Former Captain of the 5th Division
Former Lieutenant of the 5th Division
General Commander of the Arrancar Army
Aizen Sosuke
70%
Captain of the 11th DivisionZaraki Kenpachi
70%
Captain of the 6th DivisionKuchiki Byakuya
67%
Former Captain of the 3rd Division
Former Lieutenant of the 5th Division
Former 3rd Seat of the 5th Division
Commander of the Arrancar Army
Ichimaru Gin
65%
Former Captain of the 12th Division
Former Member of the Secret Mobile Unit (Onmitsukido)
Urahara Kisuke
65%
Former Captain of the 4th Division
Former Captain of the 11th Division
First Kenpachi
Unohana Yachiru
63%
HumanSado Yasutora
60%
Captain of the 2nd Division
General Commander of Secret Mobile Unit (Onmitsukido)
Sui Feng
60%
Lieutenant of the 10th DivisionMatsumoto Rangiku
58%
Former Captain of the 9th Division
Former 5th Seat of the 9th Division
Commander of the Arrancar Army
Tosen Kaname
58%
Former 6th EspadaGrimmjow Jaegerjacquez
56%
4th EspadaUlquiorra Cifer
56%
Former Captain of the 10th Division
Father of the Main Character
Shiba Isshin
53%
10th Espada/0 EspadaYammy Llargo
53%
Captain of the 5th DivisionHirako Shinji
51%
Former Captain of the 13th DivisionUkitake Jushiro
51%
1st EspadaCoyote Starrk
49%
Former Captain of the 7th DivisionKomamura Sajin
49%
Lieutenant of the 11th Division
Former 3rd Seat of the 11th Division
Madarame Ikkaku
49%
Former 3rd Espada
Queen of Hueco Mundo
Tier Harribel
47%
Lieutenant of the 5th DivisionHinamori Momo
44%
Captain of the 12th Division
Former 3rd Seat of the 12th Division
Kurotsuchi Mayuri
44%
Quincy
Ruler of Wandenreich
Sternritter A: The Almighty
Yhwach
44%
3rd Seat of the 11th Division
Former 5th Seat of the 11th Division
Ayasegawa Yumichika
40%
Co-Lieutenant of the 1st Division
Former Lieutenant of 8th Division
Ise Nanao
40%
Former Lieutenant of the 12th Division
Created by the former
Kurotsuchi Nemu
37%
Former Lieutenant of the 11th DivisionKusajishi Yachiru
37%
Former 3rd EspadaNelliel Tu Odelschwanck
37%
Former Lieutenant of the 1st DivisionSasakibe Chojiro
37%
Co-Lieutenant of the 9th DivisionHisagi Shuhei
35%
Lieutenant of the 3rd DivisionKira Izuru
35%
Commander of the Royal Guard (Zero Division)Hyosube Ichibei
33%
Lieutenant of the 2nd Division
Commander of the Patrol Corps of the Secret Mobile Unit
Omaeda Marechiyo
33%
Quincy
Sternritter F: The Fear
As Nodt
30%
Quincy
Sternritter V: The Visionnary
Gremmy Thoumeaux
30%
Captain of the 7th Division
Former Lieutenant of the 7th Division
Former 4th Seat of the 11th Division
Iba Tetsuzaemon
30%
Captain of the 9th DivisionMuguruma Kensei
30%
Quincy
Sternritter H: The Heat
Bazz-B
28%
5th Espada
Former 8th Espada
Nnoitora Gilga
28%
Captain of the 8th Division
Former Lieutenant of the 8th Division
Yadomaru Lisa
28%
Quincy
Sternritter E: The Explode
Bambietta Basterbine
26%
Quincy
Sternritter M: The Miracle
Gerard Valkyrie
26%
Captain of the 4th Division
Former Lieutenant of the 4th Division
Sister of the latter
Kotetsu Isane
26%
Former 8th Espada
Jailer of Hell
Szayelaporro Granz
26%
Co-3rd Seat of the 4th Division
Former 7th Seat of the 4th Division
Yamada Hanataro
26%
9th EspadaAaroniero Arruruerie
23%
2nd Espada
Former King of Hueco Mundo
Ruler of Las Noches
Baraggan Louisenbairn
23%
Quincy
Sternritter Grandmaster
Sternritter B: The Balance
Jugram Haschwalth
23%
Captain of the 3rd DivisionOtoribashi Rojuro
23%
4th Officer of the Royal Guard (Zero Division)
Divine General of the North
Shutara Senjumaru
23%
2nd Officer of the Royal Guard (Zero Division)
Divine General of the South
Former Captain of the 12th Division
Hikifune Kirio
21%
Co-Lieutenant of the 9th DivisionKuna Mashiro
21%
Former Lieutenant of the 12th DivisionSarugaki Hiyori
21%
Lieutenant of the 12th Division
Former 3rd Seat of the 12th Division
Akon
19%
Quincy
Sternritter Z: The Zombie
Giselle Gewelle
19%
1st Officer of the Royal Guard (Zero Division)
Divine General of the East
Kirinji Tenjiro
19%
7th EspadaZommari Rureaux
19%
Fullbringer
Leader & Member 001 of Xcution
Former Substitute Soul Reaper
Ginjo Kugo
16%
Quincy
Sternritter S: The Superstar
Partner of the former
James
16%
Quincy
Mother of the Main Character
Kurosaki Masaki
16%
Quincy
Sternritter X: The X-Axis
Lille Barro
16%
Quincy
Sternritter S: The Superstar
Partner of the latter
Mask De Masculine
16%
3rd Officer of the Royal Guard (Zero Division)
Divine General of the West
Creator of the Zanpakuto
Nimaiya Oetsu
16%
Quincy
Sternritter L: The Love
PePe Waccabrada
16%
Quincy
Sternritter J: The Jail
Quilge Opie
16%
Lieutenant of the 4th Division
Former Co-Lieutenant of the 13th Division
Sister of the former
Kotetsu Kiyone
14%
Former 6th EspadaLuppi Anterior
14%
Former Captain of the 11th Division
8th Kenpachi
Azashiro Soya
12%
Quincy
Sternritter I: The Iron
Cang Du
12%
Counterpart of the formerLilynette Gingerbuck
12%
Former 3rd Seat of the 1st Division
Co-Lieutenant of the 1st Division
Okikiba Genshiro
12%
Quincy
Sternritter D: The Deathdealing
Askin Nakk Le Vaar
9%
Quincy
Sternritter G: The Glutton
Liltotto Lamperd
9%
Quincy
Sternritter C: The Compulsory
Pernida Parnkgjas
9%
Quincy
Sternritter P: The Power
Meninas McAllon
7%
Former Captain of the 3rd DivisionAmagai Shusuke
5%
Former 3rd Seat of the 3rd DivisionTogakushi Riku
0%

Score Distribution

Percentile by Number Answered

Percent of People with Each Score

Your Score History

You have not taken this quiz